000 00569nam a2200217Ia 4500
003 OSt
005 20241204133132.0
008 210716s1988 xx 000 0 und d
020 _a0345353145
040 _cAIMIT LIBRARY
041 _aeng
082 _a808.83
_21
_bCRIM
100 _aCrichton, Michael.
_9187607
245 _aSphere /
_cBy Michael Crichton.
250 _a1st ed.
260 _aNew York :
_bBallantine books ;
_c1988.
300 _a371p. ;
_bPB
_c17 cm.
650 _aSurfaces
_9187608
650 _aPower
_9187609
942 _2ddc
_cBK
_k808.83 CRIM
999 _c199849
_d199849